[Event "Karlsruhe Grenke op"]
[Site "Karlsruhe"]
[Date "2025.04.21"]
[Round "9"]
[White "Biastoch, Bennet"]
[Black "Buckels, Valentin"]
[Result "1-0"]
[WhiteElo "2234"]
[BlackElo "2440"]
[PlyCount "83"]
[EventDate "2025.04.17"]
[EventType "swiss"]
[EventRounds "9"]
[EventCountry "GER"]
[SourceTitle "CB17_2025"]
[SourceDate "2025.04.23"]
[SourceVersion "1"]
[SourceVersionDate "2025.04.23"]
[SourceQuality "1"]

1. e4 e5 2. Nf3 Nc6 3. Bc4 Bc5 4. d3 Nf6 5. Nc3 d6 6. Na4 Bb6 7. a3 Ne7 8. 0-0 Ng6 9. Nxb6 axb6 10. Re1 0-0 11. d4 Qe7 12. h3 Be6 13. Bf1 c6 14. b3 b5 15. Bb2 Qc7 16. Qd2 h6 17. dxe5 dxe5 18. Qc3 Qa5 19. Qxa5 Rxa5 20. Nxe5 Nxe5 21. Bxe5 Rfa8 22. Bb2 c5 23. Rad1 c4 24. b4 R5a6 25. f4 Re8 26. g4 Bc8 27. e5 Nd7 28. Rd5 Nb6 29. Rxb5 Bd7 30. Ra5 Rxa5 31. bxa5 Na4 32. Bd4 c3 33. Bg2 Ra8 34. f5 Rxa5 35. e6 fxe6 36. fxe6 Be8 37. Bxb7 Rb5 38. Bg2 Kf8 39. e7+ Kf7 40. Bf1 Rb7 41. Bc4+ Kg6 42. Bb3 1-0

[Event "Karlsruhe Grenke op"]
[Site "Karlsruhe"]
[Date "2025.04.21"]
[Round "8"]
[White "Kristensen, Kaare Hove"]
[Black "Buckels, Valentin"]
[Result "1/2-1/2"]
[WhiteElo "2266"]
[BlackElo "2440"]
[PlyCount "132"]
[EventDate "2025.04.17"]
[EventType "swiss"]
[EventRounds "9"]
[EventCountry "GER"]
[SourceTitle "CB17_2025"]
[SourceDate "2025.04.23"]
[SourceVersion "1"]
[SourceVersionDate "2025.04.23"]
[SourceQuality "1"]

1. e4 e5 2. Nf3 Nc6 3. d4 exd4 4. Nxd4 Bb4+ 5. Bd2 Qe7 6. Nxc6 Qxe4+ 7. Be2 dxc6 8. 0-0 Be6 9. Bf3 Qh4 10. g3 Qe7 11. c3 Bd6 12. Qa4 Qd7 13. c4 Nf6 14. Bc3 0-0 15. Nd2 Bh3 16. Rfe1 Qf5 17. b4 c5 18. b5 Rad8 19. Rad1 b6 20. Qxa7 Rfe8 21. Rxe8+ Rxe8 22. Bxf6 gxf6 23. Be4 Qg4 24. Bf3 Qf5 25. Be4 Qe5 26. Qa4 Bf5 27. Bf3 Bd3 28. Nf1 Qc3 29. Ne3 Rxe3 30. fxe3 Bc2 31. Qa8+ Kg7 32. Kf2 Bxd1 33. Bxd1 Qxc4 34. Be2 Qe6 35. Qa4 f5 36. Qc4 Qh6 37. Qc3+ Kg8 38. Kg2 Qe6 39. Bc4 Qe4+ 40. Kg1 Qf3 41. Qd3 Kg7 42. Qe2 Qe4 43. Qd3 Qe5 44. Kg2 h5 45. Qd5 Qf6 46. Kf3 Qg6 47. Bd3 Kf6 48. e4 Qg4+ 49. Kf2 fxe4 50. Qxe4 Qg5 51. Qf3+ Kg7 52. Bc4 Qd2+ 53. Qe2 Qd4+ 54. Qe3 Qb2+ 55. Qe2 Qc3 56. Qxh5 Qd4+ 57. Kg2 Qe4+ 58. Kf2 Qc2+ 59. Kg1 Qc1+ 60. Kg2 Qd2+ 61. Kg1 Qe1+ 62. Kg2 Qe7 63. Qg4+ Kf8 64. Qc8+ Kg7 65. Qg4+ Kh6 66. Qf5 Kg7 1/2-1/2

[Event "Bundesliga 2425"]
[Site "Germany"]
[Date "2025.03.24"]
[Round "12.2"]
[White "Buckels, Valentin"]
[Black "Ferreira, Jorge Viterbo"]
[Result "0-1"]
[WhiteElo "2448"]
[BlackElo "2535"]
[PlyCount "122"]
[EventDate "2024.09.28"]
[EventType "team-tourn"]
[EventRounds "15"]
[EventCountry "GER"]
[SourceTitle "CB13_2025"]
[SourceDate "2025.03.26"]
[SourceVersion "1"]
[SourceVersionDate "2025.03.26"]
[SourceQuality "1"]
[WhiteTeam "Muelheim Nord"]
[BlackTeam "Heimbach Weis Neuwied"]
[WhiteTeamCountry "GER"]
[BlackTeamCountry "GER"]

1. d4 Nf6 2. c4 e6 3. Nc3 Bb4 4. e3 0-0 5. Bd2 Re8 6. Nf3 d6 7. Qc2 e5 8. a3 Bxc3 9. Bxc3 e4 10. Nd2 c6 11. b4 d5 12. h3 Nbd7 13. c5 Nf8 14. a4 a6 15. Be2 h6 16. Nb3 Ng6 17. 0-0-0 Nh4 18. g3 Nf3 19. Nd2 Nxd2 20. Kxd2 Nh7 21. Rdg1 Qf6 22. Ke1 g6 23. h4 h5 24. Qd1 Kf8 25. g4 hxg4 26. Bxg4 Bxg4 27. Qxg4 Ke7 28. Ke2 Rh8 29. Qg3 Kf8 30. h5 g5 31. Rf1 Qe6 32. f4 exf3+ 33. Rxf3 f6 34. Rhf1 Ke7 35. Be1 Kd7 36. Rf5 Rhe8 37. R1f3 Re7 38. Qg4 Ke8 39. h6 Qe4 40. Qh5+ Kd7 41. Kf1 Rae8 42. Bf2 Kc8 43. Rxf6 g4 44. Qf5+ Qxf5 45. R3xf5 Nxf6 46. Rxf6 Re6 47. Rf4 Rxh6 48. Rxg4 Rh1+ 49. Ke2 Rb1 50. Be1 Rh8 51. Rg2 Rb2+ 52. Bd2 Rh1 53. a5 Kd7 54. Kd3 Rd1 55. Kc3 Ra2 56. Rh2 Ke6 57. Rf2 Rb1 58. Rh2 Kf5 59. Rf2+ Kg4 60. Rg2+ Kf3 61. Rh2 Rbb2 0-1

[Event "Rosenheim GM"]
[Site "Rosenheim"]
[Date "2024.08.13"]
[Round "2"]
[White "Buckels, Valentin"]
[Black "Mons, Leon"]
[Result "1/2-1/2"]
[WhiteElo "2468"]
[BlackElo "2496"]
[PlyCount "128"]
[EventDate "2024.08.12"]
[EventType "tourn"]
[EventRounds "9"]
[EventCountry "GER"]
[EventCategory "8"]
[SourceTitle "CBM 221 Extra"]
[Source "ChessBase"]
[SourceDate "2024.09.30"]
[SourceVersion "1"]
[SourceVersionDate "2024.09.30"]
[SourceQuality "1"]

1. d4 Nf6 2. Nf3 e6 3. Bf4 c5 4. e3 Qb6 5. b3 Nc6 6. c3 Nh5 7. dxc5 Bxc5 8. Bd6 Ne7 9. Bxc5 Qxc5 10. Qd4 b6 11. Ne5 Nf6 12. a4 Qc7 13. e4 0-0 14. Na3 d5 15. exd5 Nfxd5 16. Nb5 Qb8 17. Bd3 a6 18. Na3 f6 19. Nec4 e5 20. Qe4 Bf5 21. Qf3 Bxd3 22. Qxd3 b5 23. Ne3 Nxe3 24. Qxe3 b4 25. Qc5 bxa3 26. Qxe7 Qxb3 27. Qxa3 Qxa3 28. Rxa3 Rab8 29. 0-0 Rb2 30. g3 Rd8 31. Raa1 Kf7 32. a5 Rdd2 33. Ra4 Ra2 34. Rxa2 Rxa2 35. Rb1 g5 36. Rb7+ Kg6 37. Rb6 Rxa5 38. g4 Ra1+ 39. Kg2 a5 40. Ra6 Kf7 41. c4 a4 42. c5 e4 43. c6 Ke7 44. Ra7+ Kd6 45. c7 Kd7 46. h3 Ra2 47. Kg1 Ra3 48. Kf1 Kc8 49. Kg1 Rxh3 50. Rxa4 e3 51. Ra6 Rh4 52. f3 f5 53. gxf5 Rf4 54. Kg2 Rxf5 55. Re6 Kxc7 56. Rxe3 Kd6 57. Kg3 Rf4 58. Re8 h5 59. Rg8 h4+ 60. Kg2 Rf5 61. f4 gxf4 62. Kf3 Ke5 63. Re8+ Kf6 64. Rh8 Ke5 1/2-1/2

[Event "Piestany Slovakia op-A"]
[Site "Piestany"]
[Date "2024.07.13"]
[Round "5"]
[White "Kawulok, Marek"]
[Black "Buckels, Valentin"]
[Result "0-1"]
[WhiteElo "2175"]
[BlackElo "2478"]
[PlyCount "98"]
[EventDate "2024.07.09"]
[EventType "swiss"]
[EventRounds "9"]
[EventCountry "SVK"]
[SourceTitle "EXT 2025"]
[Source "ChessBase"]
[SourceDate "2024.10.14"]
[SourceVersion "1"]
[SourceVersionDate "2024.10.14"]
[SourceQuality "1"]

1. e4 e5 2. Nf3 Nc6 3. Bc4 Bc5 4. c3 Nf6 5. b4 Be7 6. d4 d6 7. b5 Na5 8. Bd3 d5 9. Nbd2 dxe4 10. Nxe4 exd4 11. Nxd4 0-0 12. 0-0 Re8 13. Qc2 h6 14. Rd1 Nxe4 15. Bxe4 Bd6 16. Bh7+ Kh8 17. Nf5 Bxf5 18. Bxf5 Nc4 19. Bf4 Qf6 20. Bxd6 Nxd6 21. Bd3 Re5 22. Re1 Nxb5 23. Rxe5 Qxe5 24. Bxb5 Qxb5 25. Rb1 Re8 26. h3 Qd5 27. Qa4 Ra8 28. Rd1 Qe5 29. Rd7 f5 30. Qd4 Qxd4 31. cxd4 Rc8 32. Kf1 b5 33. Ke2 a6 34. Kd3 c5 35. d5 c4+ 36. Kc2 Rc5 37. Rd6 f4 38. h4 a5 39. g4 f3 40. g5 hxg5 41. hxg5 Kh7 42. a3 b4 43. axb4 axb4 44. Rc6 b3+ 45. Kc3 Rb5 46. Kb2 Rxd5 47. Rxc4 Rd2+ 48. Kxb3 Rxf2 49. Rf4 Kg6 0-1